书目信息 |
| 书名: | Feedback and control systems | |
| 作者: | A.C. McDonald, H. Lowe. | |
| 分册号: | ||
| 分册名: | 出版地: | Reston, Va. : |
|
| 出版社: | Reston Pub. Co | |
| 出版时间: | c1981. | |
| 页数: | xi, 532 p. : | |
| 开本: | 24 cm. | |
| 丛书名: | ||
| 中图分类号: | ||
| 科图分类号: | ||
| 其他分类号: | TP2 | |
| 主题词: | ||
| 电子资源: | ||
| 000 | 00814pam a2200277 a 450 | |
| 001 | E0760803827 | |
| 005 | 20070429165415.89 | |
| 008 | 810312s1981 vaua b 001 0 eng | |
| 010 | @a81004538 | |
| 020 | @a083591898X. | |
| 035 | @A(DLC) 81004538 | |
| 040 | @aDLC@cDLC@dDLC | |
| 050 | 00 | @aTJ216@b.M36 |
| 082 | 00 | @a629.8/3@2 19 |
| 090 | @aTP2 | |
| 099 | @dTP2@ex6 | |
| 100 | 1 | @aMcDonald, Anthony C. |
| 245 | 10 | @aFeedback and control systems / @cA.C. McDonald, H. Lowe. |
| 260 | @aReston, Va. :@bReston Pub. Co.,@cc1981. | |
| 300 | @axi, 532 p. :@bill. ;@c24 cm. | |
| 500 | @aIncludes index. | |
| 504 | @aBibliography: p. 523-525. | |
| 650 | 0 | @aFeedback control systems. |
| 700 | 1 | @aLowe, H. |
| 906 | @a7@bcbc@corignew@d1@eocip@f19@gy-gencatlg | |
| 991 | @bc-GenColl@hTJ216@i.M36@tCopy 1@wBOOKS | |
| Feedback and control systems / / A.C. McDonald, H. Lowe.-Reston, Va. : : Reston Pub. Co., , c1981. |
| xi, 532 p. : : ill. ; ; 24 cm. |
| Includes index.-Bibliography: p. 523-525. |
| ISBN 083591898X. |
| ● |
| 相关链接 |
|
|
|
|
正题名:Feedback and control systems
索取号:TP2/x6
 
预约/预借
| 序号 | 登录号 | 条形码 | 馆藏地/架位号 | 状态 | 备注 |
| 1 | 6107 | 300061073 | 第二样本阅览室/ [索取号:TP2/x6] | 在馆 |